000 00311nam a22001337a 4500
008 170331b xxu||||| |||| 00| 0 eng d
020 _a0309048893
041 _aeng
080 _a616-053.2
100 _a8
101 _aSHM
245 _aUNDERSTANDING CHILD ABUSE AND NEGLECT
_cPETERSON, A.C
942 _2udc
_cBK
999 _c9250
_d9250